Loreto College Library, Kolkata
WEBOPAC (ONLINE PUBLIC ACCESS CATALOGUE)

Introduction to documentary (Record no. 41553)

MARC details
000 -LEADER
fixed length control field 00564nam a22002177a 4500
005 - DATE AND TIME OF LATEST TRANSACTION
control field 20180512102419.0
008 - FIXED-LENGTH DATA ELEMENTS--GENERAL INFORMATION
fixed length control field 180512b xxu||||| |||| 00| 0 eng d
020 ## - ISBN | অাই এস বি এন
ISBN | অাই এস বি এন 9780253355560
PRICE ₹ 1600.00
040 ## - CATALOGING SOURCE
Original cataloging agency Loreto College
041 ## - LANGUAGE CODE
Language code English
082 ## - DDC | ডিউই
Classification number | বর্গসংখ্যা 791.4
Book Number | গ্রন্থাঙ্ক NIC
100 ## - MAIN ENTRY--PERSONAL NAME | মুখ্য সংলেখ - ব্যাক্তিনাম
Personal name | ব্যাক্তিনাম Nichols, Bill
245 ## - TITLE STATEMENT | অাখ্যা বিবরণী
Title | অাখ্যা Introduction to documentary
Statement of responsibility | লেখকের দায়িত্বের বিবরণ Bill Nichols
250 ## - EDITION STATEMENT | সংস্করণ ক্ষেত্র
Edition statement | সংস্করণ 2nd ed.
260 ## - IMPRINT | প্রকাশনা ক্ষেত্র
Place of publication | প্রকাশ স্থান Bloomington
Name of publisher | প্রকাশকের নাম Indiana University Press
Date of publication | প্রকাশ কাল 2010
300 ## - PHYSICAL DESCRIPTION |
Page / Vol. No | পৃষ্ঠা / খন্ড সংখ্যা 341 p.
Other physical details | অনান্য বাহ্যিক বিবরণ 24 cm.
504 ## - BIBLIOGRAPHY, ETC. NOTE
Bibliography, etc Includes index
650 ## - SUBJECT ADDED ENTRY--TOPICAL TERM | বিষয় শিরোনাম - মূল বিষয়
Topical term | মূল বিষয় Film study
850 ## - HOLDING INSTITUTION
Holding institution LCLIB
942 ## - ADDED ENTRY ELEMENTS (KOHA)
Koha item type Books
Holdings
Withdrawn status Lost status Source of classification Damaged status Not for loan Home library Current library Date acquired Price Total Checkouts Full call number Accession No. Date last seen Price effective from Koha item type
    Dewey Decimal Classification     Loreto College Loreto College 12/05/2018 0.00   791.4 NIC 52433 45468 12/05/2018 12/05/2018 Books